TEXTBOOK OF FORENSIC SCIENCE (Record no. 34896)

MARC details
000 -LEADER
fixed length control field 00333nam a22001457a 4500
003 - CONTROL NUMBER IDENTIFIER
control field SGT
020 ## - INTERNATIONAL STANDARD BOOK NUMBER
International Standard Book Number 9789819730087
082 ## - DEWEY DECIMAL CLASSIFICATION NUMBER
Classification number 363.25
Item number SHR
100 ## - MAIN ENTRY--PERSONAL NAME
Personal name SHRIVASTAVA PANKAJ
245 ## - TITLE STATEMENT
Title TEXTBOOK OF FORENSIC SCIENCE
260 ## - PUBLICATION, DISTRIBUTION, ETC. (IMPRINT)
Place of publication, distribution, etc SINGPORE
Name of publisher, distributor, etc SPRINGER PUB
Year of Publication 2024
300 ## - PAGE DESCRIPTION
No. of Pages 839
942 ## - ADDED ENTRY ELEMENTS (KOHA)
Source of classification or shelving scheme Dewey Decimal Classification
Koha item type Books
Holdings
Withdrawn status Lost status Source of classification or shelving scheme Damaged status Not for loan Collection code Home library Current library Shelving location Date acquired Vendor Name Cost, normal purchase price SGTU Bill Number Total Checkouts Full call number Accession No. (Barcode) Date last seen Bill Date Koha item type
    Dewey Decimal Classification   Not For Loan SCIENCE SGT Science & Social Sciences Library SGT Science & Social Sciences Library Reference Book 27/05/2026 ABC PUB DELHI 11913.00 SGTU 23035   363.25 SHR PS7527 27/05/2026 20/05/2026 Books